Identify the Bond film from the Military Rank - Statistics

General Stats
  • This quiz has been taken 12 times
    6 since last reset
  • The average score is 14 of 23
Answer Stats
Hint Film % Correct
Colonel Klebb From Russia With Love
100%
General Ourumov Goldeneye
100%
General Koskov The Living Daylights
100%
Major Amasova The Spy Who Loved Me
100%
General Moon Die Another Day
83%
General Orlov Octopussy
83%
General Medrano Quantum of Solace
83%
General Pushkin The Living Daylights
83%
Colonel Lin Tomorrow Never Dies
83%
Colonel Moon Die Another Day
67%
General Chang Tomorrow Never Dies
67%
Colonel Heller Licence To Kill
50%
Colonel Scott Moonraker
50%
Admiral Hargreaves The Spy Who Loved Me
50%
Commander Carter The Spy Who Loved Me
50%
Colonel Akakievich The World Is Not Enough
50%
Admiral Kelly Tomorrow Never Dies
50%
Captain Benson The Spy Who Loved Me
33%
Commander Talbott The Spy Who Loved Me
33%
Colonel Bouvar Thunderball
33%
Rear Admiral Roebuck Tomorrow Never Dies
33%
General Peterson Octopussy
17%
Group Captain Pritchard Thunderball
17%
No matching quizzes found
Score Distribution
Percent of People with Each Score
Percentile by Number Answered
Your Score History
You have not taken this quiz since the last reset